01576 a2200205 45000010006000000050017000060080041000230030015000640400040000790800076001192450053001950200022002482500012002702640043002823000019003255050895003440410008012391000028012478560095012755711120260407155833.0260407a2019 arg spa dAR-UNSa-BCEJYS aAR-UNSa-BCEJYSbspacAR-UNSa-BCEJYS a657.23xCompensaciones. Correcciones. Ajustes (devaluación monetaria)10aAjuste por inflación y remedición de activos a978-987-716-102-1 a2a. ed. 1aBuenos Aires :bOsmar D. Buyattic2019 a278 p.c22 cm. a1. La inflación como fenómeno económico y su impacto en la información contable – 2. Reseña histórica del ajuste contable por inflación en la Argentina hasta su actual restablecimiento – 3. La resolución 539/18 de la FACPCE – 4. Métodos de reexpresión de estados contables – 5. Tratamiento contable del impuesto a las ganancias en el ajuste por inflación – 6. Los resultados financieros y por tenencia – 7. Cuestiones particulares relacionadas con la reexpresión de algunos activos y pasivos no monetarios – 8. Reexpresión de los componentes del patrimonio neto – 9. El estado de flujo de efectivo en moneda homogénea – 10. Caso práctico de aplicación del ajuste en los cuatro estados contables – 11. Caso práctico integral – 12. Normas de la resolución técnica N° 48 sobre medición de activos – 13. Normas de las NIC N° 29  aspa1 aTorres, Carlos Federico41uhttps://biblioeco.unsa.edu.ar/pmb/images/libros/L128673.jpgyImagen de portadaqimage/jpeg